000 00404nam a22001457a 4500
020 _a9054101563
082 _a624.15136
_bBIA
_cL-37, p-3
100 _aBiarez, Jean
_942585
245 _aElementary Mechanics of Soil Behaviour
260 _aNetherlands
_bA.A Balkema
_c1994
300 _axv, 208. p :
_bill.
_c23cm
526 _a0
_b0
_c0
_d624_151360000000000_BIA
650 _aMCE
_9379
942 _2ddc
_cBK
999 _c546456
_d546456